[Event "9. Forchheimer Sparkassen Open 2010"]
[Site "Forchheim"]
[Date "2010.10.03"]
[Round "4.23"]
[White "Ruff, Maximilian"]
[Black "Promyshlyanskiy, Vitaliy"]
[Result "1/2-1/2"]
[WhiteElo "1981"]
[BlackElo "2237"]
[PlyCount "118"]
[EventDate "2010.??.??"]
[WhiteTeam "SC Brandeck-Turm Ohlsbach e.V."]
[BlackTeam "SC Noris-Tarrasch Nürnberg 1873"]

1. e4 Nc6 2. Nf3 d6 3. d4 Nf6 4. Nc3 Bg4 5. Be2 g6 6. h3 Bxf3 7. Bxf3 e5 8.
dxe5 dxe5 9. Be3 Bg7 10. O-O O-O 11. Qxd8 Rfxd8 12. Rad1 Nd4 13. Bxd4 exd4 14.
Nb5 Ne8 15. Rd3 c5 16. b3 a6 17. Na3 b5 18. Rfd1 Rac8 19. c4 Nd6 20. h4 Rc7 21.
g4 Re8 22. Re1 Rce7 23. Kg2 b4 24. Nb1 Nxe4 25. Bxe4 Rxe4 26. Rxe4 Rxe4 27. Kg3
Be5+ 28. Kf3 f5 29. gxf5 gxf5 30. h5 Rh4 31. Rd1 Kf7 32. Re1 Bd6 33. Nd2 Rxh5
34. Kg2 Rh2+ 35. Kg1 Rh3 36. Kg2 Rc3 37. Nf3 Rc2 38. Ng5+ Kg6 39. Nf3 Kf6 40.
Rh1 Rxa2 41. Rxh7 Bf4 42. Ne1 a5 43. Nd3 Bd6 44. Rh6+ Ke7 45. Rh7+ Ke6 46. Rh6+
Kd7 47. Rh7+ Kc6 48. Rh6 a4 49. Ne5+ Kc7 50. Rh7+ Kc8 51. Rh8+ Kb7 52. Rh7+ Bc7
53. Nd3 Kc6 54. Rh6+ Bd6 55. Ne5+ Kc7 56. Rh7+ Kb8 57. Nd7+ Kc8 58. Nb6+ Kb8
59. Nd7+ Kc7 1/2-1/2

[Event "9. Forchheimer Sparkassen Open 2010"]
[Site "Forchheim"]
[Date "2010.10.03"]
[Round "4.24"]
[White "Loehr, Markus"]
[Black "Barthelmann, Benno"]
[Result "1-0"]
[WhiteElo "2256"]
[BlackElo "2101"]
[PlyCount "117"]
[EventDate "2010.??.??"]
[WhiteTeam "SK Schmiden/Cannstatt"]
[BlackTeam "SF Ravensburg"]

1. d4 f5 2. g3 Nf6 3. Bg2 g6 4. Nf3 Bg7 5. O-O O-O 6. b4 d6 7. Bb2 c6 8. c4 e5
9. dxe5 Ng4 10. Qb3 Nxe5 11. c5+ Kh8 12. Rd1 Nxf3+ 13. Bxf3 d5 14. Bxg7+ Kxg7
15. Nd2 Nd7 16. Qb2+ Qf6 17. Qxf6+ Nxf6 18. Nb3 Bd7 19. e3 Ne4 20. Rac1 Rf6 21.
a4 a6 22. Rc2 h5 23. h4 Kh6 24. Kg2 g5 25. hxg5+ Nxg5 26. Nd4 f4 27. exf4 Nxf3
28. Nxf3 Bf5 29. Rc3 Be4 30. Kf1 Rd8 31. Ng5 Bf5 32. Re3 d4 33. Re7 Kg6 34. Nf3
d3 35. Ne5+ Kh6 36. Nf7+ Rxf7 37. Rxf7 Bg4 38. Rd2 Rd4 39. Rf6+ Kg7 40. Rd6
Be2+ 41. Rxe2 dxe2+ 42. Kxe2 Rxb4 43. Ke3 a5 44. Rd4 Rb1 45. Re4 Kf6 46. Re5
Rb4 47. Rxh5 Rxa4 48. g4 Rb4 49. Rh6+ Kg7 50. g5 Rc4 51. f5 Rxc5 52. Ke4 Rd5
53. f4 a4 54. f6+ Kg8 55. g6 Rd8 56. Kf5 Rf8 57. f7+ Rxf7+ 58. gxf7+ Kxf7 59.
Rh7+ 1-0

[Event "9. Forchheimer Sparkassen Open 2010"]
[Site "Forchheim"]
[Date "2010.10.03"]
[Round "4.25"]
[White "Hansen, Victor"]
[Black "Bader, Dominic"]
[Result "1-0"]
[WhiteElo "2121"]
[BlackElo "2127"]
[PlyCount "83"]
[EventDate "2010.??.??"]
[WhiteTeam "SGEM Dreisamtal"]
[BlackTeam "SC 1947 Beilngries"]

1. d4 Nf6 2. c4 g6 3. Nc3 Bg7 4. g3 d5 5. cxd5 Nxd5 6. Bg2 Nxc3 7. bxc3 O-O 8.
Nf3 c5 9. O-O cxd4 10. cxd4 Nc6 11. Bb2 Be6 12. Qa4 Bd5 13. Rfd1 Qb6 14. Ba3
Rfd8 15. Bc5 Qc7 16. Rac1 b6 17. Ba3 Qb7 18. e4 Bxe4 19. d5 Bxd5 20. Rxd5 Rxd5
21. Qxc6 Rd1+ 22. Bf1 Qxc6 23. Rxc6 e5 24. Kg2 e4 25. Ng5 f5 26. Bc4+ Kh8 27.
Rc7 Rd2 28. Re7 h6 29. Ne6 Bf6 30. Rf7 Bc3 31. Nf8 Bg7 32. Nxg6+ Kh7 33. Nh4 e3
34. Nxf5 Rxf2+ 35. Kh3 Rc8 36. Bd3 Rc3 37. Rxg7+ Kh8 38. Rd7 Rxa3 39. Nxh6 Rxd3
40. Rxd3 Rf6 41. Ng4 e2 42. Re3 1-0

[Event "9. Forchheimer Sparkassen Open 2010"]
[Site "Forchheim"]
[Date "2010.10.03"]
[Round "4.26"]
[White "Kuhmann, Peter"]
[Black "Bachstein, Dustin"]
[Result "0-1"]
[WhiteElo "1934"]
[BlackElo "2103"]
[PlyCount "62"]
[EventDate "2010.??.??"]
[WhiteTeam "TSV Kirchehrenbach"]
[BlackTeam "SC Erlangen 48/88"]

1. c4 Nf6 2. d4 g6 3. Nf3 Bg7 4. e3 O-O 5. Be2 d6 6. O-O Nbd7 7. b3 c6 8. Bb2
Qc7 9. Nc3 e5 10. Rc1 Re8 11. dxe5 dxe5 12. e4 Nc5 13. Qc2 Bg4 14. Rcd1 Ne6 15.
Nxe5 Qxe5 16. Nd5 Qxb2 17. Qxb2 Nxd5 18. e5 Bxe2 19. cxd5 Nf4 20. dxc6 bxc6 21.
g3 Bxd1 22. gxf4 Bf3 23. Qc3 Bd5 24. h4 Bh6 25. Qg3 Kh8 26. Re1 Rab8 27. Qc3
Kg8 28. Qd2 Rb5 29. b4 a5 30. bxa5 Ra8 31. Rc1 Rbxa5 0-1

[Event "9. Forchheimer Sparkassen Open 2010"]
[Site "Forchheim"]
[Date "2010.10.03"]
[Round "4.27"]
[White "Kutzner, Joachim"]
[Black "Egert, Stefan"]
[Result "1-0"]
[WhiteElo "2154"]
[BlackElo "2018"]
[PlyCount "45"]
[EventDate "2010.??.??"]
[WhiteTeam "Schachclub Erkrath 1973"]
[BlackTeam "TSV Dietfurt/Altm. e.V."]

1. e4 e5 2. Nf3 Nc6 3. Bc4 Bc5 4. b4 Bxb4 5. c3 Ba5 6. Qb3 Qe7 7. d4 Nxd4 8.
Nxd4 exd4 9. O-O Bxc3 10. Nxc3 dxc3 11. Qxc3 Nf6 12. Ba3 d6 13. e5 Ne4 14. Bb5+
Bd7 15. Qb4 Qxe5 16. Bxd7+ Kxd7 17. Rfe1 f5 18. Rac1 Qd5 19. Red1 Qxa2 20. f3
Qf2+ 21. Kh1 Qh4 22. fxe4 Qxe4 23. Rxc7+ 1-0

[Event "9. Forchheimer Sparkassen Open 2010"]
[Site "Forchheim"]
[Date "2010.10.03"]
[Round "4.28"]
[White "Fuchs, Gerhard"]
[Black "Weigert, Wilhelm"]
[Result "1-0"]
[WhiteElo "2057"]
[BlackElo "2024"]
[PlyCount "73"]
[EventDate "2010.??.??"]
[WhiteTeam "SK Nürnberg 1911 e.V."]
[BlackTeam "SK Kelheim 1920"]

1. e4 d6 2. d4 Nf6 3. Nc3 g6 4. Nf3 Bg7 5. Be2 O-O 6. O-O Bg4 7. Be3 Nc6 8. d5
Nb8 9. Bd4 c5 10. Be3 Na6 11. h3 Bd7 12. a4 Nc7 13. a5 b5 14. axb6 axb6 15. Qd2
b5 16. e5 b4 17. exf6 bxc3 18. bxc3 Bxf6 19. Rab1 Ra3 20. Rb3 Qa8 21. c4 Rb8
22. Rfb1 Raxb3 23. cxb3 Na6 24. Bg5 Rb6 25. g4 Qb7 26. Bxf6 exf6 27. Qc3 f5 28.
Nd2 Nb4 29. Ra1 fxg4 30. hxg4 Ra6 31. Rxa6 Qxa6 32. Ne4 Be8 33. Nf6+ Kf8 34.
Nxh7+ Ke7 35. Qf6+ Kd7 36. Nf8+ Kc8 37. g5 1-0

[Event "9. Forchheimer Sparkassen Open 2010"]
[Site "Forchheim"]
[Date "2010.10.03"]
[Round "4.29"]
[White "Jacobi, Robin"]
[Black "Sha, Siyu"]
[Result "1/2-1/2"]
[WhiteElo "2066"]
[BlackElo "1918"]
[PlyCount "87"]
[EventDate "2010.??.??"]
[WhiteTeam "SV Empor Erfurt"]
[BlackTeam "SC Noris-Tarrasch Nürnberg 1873"]

1. Nf3 Nf6 2. g3 b6 3. Bg2 Bb7 4. O-O e6 5. d3 Be7 6. Nbd2 c5 7. e4 Qc7 8. c3
d6 9. Re1 Nbd7 10. h4 O-O 11. Ng5 h6 12. Nh3 d5 13. Qe2 e5 14. g4 dxe4 15. dxe4
Rfd8 16. Nf1 Nf8 17. g5 hxg5 18. hxg5 N6h7 19. f4 Ne6 20. g6 fxg6 21. Qc4 Nhf8
22. f5 gxf5 23. exf5 Bxg2 24. Kxg2 Qc6+ 25. Kf2 b5 26. Qe4 Qxe4 27. Rxe4 Nc7
28. Rxe5 Rd7 29. Bg5 Bxg5 30. Nxg5 Nd5 31. Ne6 c4 32. Rd1 Nxc3 33. Ra1 Rd5 34.
Rxd5 Nxd5 35. Nd4 Rb8 36. Nd2 Nd7 37. Ne4 Ne5 38. Nc5 Nb4 39. Ke3 Nec6 40. Nxc6
Nxc6 41. Rg1 Kf7 42. Ne6 Rg8 43. Nc7 Rb8 44. Ne6 1/2-1/2

[Event "9. Forchheimer Sparkassen Open 2010"]
[Site "Forchheim"]
[Date "2010.10.03"]
[Round "4.30"]
[White "Schäfers, Andreas"]
[Black "Nigmatulin, Anatoly"]
[Result "1/2-1/2"]
[WhiteElo "2022"]
[BlackElo "1981"]
[PlyCount "32"]
[EventDate "2010.??.??"]
[WhiteTeam "Schachvereinigung Lüdenscheid e."]
[BlackTeam "SC 1868 Bamberg"]

1. d4 Nf6 2. c4 g6 3. Nc3 Bg7 4. e4 O-O 5. e5 Ne8 6. Nf3 d6 7. Bf4 Bg4 8. h3
Bxf3 9. Qxf3 Nc6 10. O-O-O Qc8 11. exd6 cxd6 12. Be3 Nc7 13. Kb1 Qf5+ 14. Qxf5
gxf5 15. g3 Rfd8 16. Bg2 Rab8 1/2-1/2

[Event "9. Forchheimer Sparkassen Open 2010"]
[Site "Forchheim"]
[Date "2010.10.03"]
[Round "4.31"]
[White "Weidel, Albrecht"]
[Black "Duzy, Stefan"]
[Result "1-0"]
[WhiteElo "2225"]
[BlackElo "1949"]
[PlyCount "80"]
[EventDate "2010.??.??"]
[WhiteTeam "SAbt TG Biberach"]
[BlackTeam "Erfurter Schachklub"]

1. d4 e6 2. Nf3 c5 3. e3 Nf6 4. Be2 b6 5. c4 Bb7 6. Nc3 cxd4 7. exd4 Be7 8. O-O
d6 9. b3 O-O 10. Bb2 Nbd7 11. Re1 Qc7 12. Bd3 Rfe8 13. Rc1 Rac8 14. Qe2 Bf8 15.
Ne4 Nxe4 16. Bxe4 Bxe4 17. Qxe4 Nf6 18. Qh4 Qd8 19. d5 e5 20. Re3 Nd7 21. Qh3
b5 22. Nd2 Nb6 23. Ree1 bxc4 24. bxc4 Qd7 25. Qxd7 Nxd7 26. Ba3 f5 27. Nb3 e4
28. Nd4 Ne5 29. Nxf5 Nd3 30. Kf1 Nxc1 31. Rxc1 g6 32. Nxd6 Bxd6 33. Bxd6 Red8
34. Ba3 Kf7 35. Ke2 Kf6 36. Ke3 Ke5 37. Bb2+ Kd6 38. Kd4 Rc7 39. c5+ Kd7 40.
c6+ Kd6 1-0

[Event "9. Forchheimer Sparkassen Open 2010"]
[Site "Forchheim"]
[Date "2010.10.03"]
[Round "4.32"]
[White "Xiong, Ferdinand"]
[Black "Auburger, Philipp"]
[Result "0-1"]
[WhiteElo "1912"]
[BlackElo "1936"]
[PlyCount "80"]
[EventDate "2010.??.??"]
[WhiteTeam "Schach-Club Vaterstetten"]
[BlackTeam "SC Forchheim e.V."]

1. e4 e5 2. Nf3 Nf6 3. Nxe5 d6 4. Nf3 Nxe4 5. Nc3 Nxc3 6. dxc3 Be7 7. Bd3 Nd7
8. Bf4 O-O 9. Qd2 Nc5 10. Bc4 c6 11. O-O-O b5 12. Rhe1 d5 13. Be2 Qa5 14. Kb1
Ne4 15. Qe3 b4 16. Nd4 bxc3 17. Nxc6 Qc5 18. Nxe7+ Qxe7 19. Rxd5 Qb4 20. b3 Re8
21. Bd6 Qb6 22. Bf3 Bb7 23. Re5 Qxd6 24. Rxe4 Bxe4 25. Bxe4 Rad8 26. Qxc3 Qxh2
27. Qc6 g6 28. Qf6 Rd6 29. Qf3 Qe5 30. Re3 Red8 31. Bd3 Qg7 32. a4 a5 33. Qe2
Qc3 34. Rf3 Kg7 35. Qe7 Rxd3 36. Rxf7+ Kg8 37. cxd3 Qxb3+ 38. Kc1 Qc3+ 39. Kb1
Qxd3+ 40. Ka2 Qc2+ 0-1

[Event "9. Forchheimer Sparkassen Open 2010"]
[Site "Forchheim"]
[Date "2010.10.03"]
[Round "4.33"]
[White "Miller, Eduard"]
[Black "Straschewski, Jörg"]
[Result "1-0"]
[WhiteElo "2110"]
[BlackElo "2041"]
[PlyCount "83"]
[EventDate "2010.??.??"]
[WhiteTeam "SC Forchheim e.V."]
[BlackTeam "TSV Cadolzburg e.V."]

1. c4 g6 2. Nc3 Bg7 3. Nf3 Nf6 4. g3 O-O 5. Bg2 d6 6. O-O e5 7. Rb1 h6 8. d3
Nh5 9. b4 f5 10. Qb3 Kh7 11. a4 f4 12. a5 a6 13. Bd2 Bg4 14. b5 Nd7 15. bxa6
bxa6 16. Nd5 c6 17. Nb4 Nc5 18. Qc2 Qc7 19. Nxc6 e4 20. Nfd4 f3 21. exf3 exf3
22. Bh1 Bf5 23. Nxf5 Rxf5 24. g4 Nf4 25. Bxf3 Nh3+ 26. Kg2 Rxf3 27. Kxf3 Qxc6+
28. Kg3 Ng5 29. f4 Nge6 30. Bc3 Nd4 31. Qb2 Na4 32. Qb7 Qxb7 33. Rxb7 Nxc3 34.
Re1 Nce2+ 35. Kf2 Nxf4 36. Ree7 Nfe6 37. Ke3 g5 38. Rxg7+ Nxg7 39. Kxd4 Kg6 40.
Kd5 Ne6 41. Kxe6 Re8+ 42. Kxd6 1-0

[Event "9. Forchheimer Sparkassen Open 2010"]
[Site "Forchheim"]
[Date "2010.10.03"]
[Round "4.34"]
[White "Ott, Florian"]
[Black "Becker, Tobias"]
[Result "1-0"]
[WhiteElo "1849"]
[BlackElo "1859"]
[PlyCount "75"]
[EventDate "2010.??.??"]
[WhiteTeam "SG Siemens Amberg"]
[BlackTeam "Kronacher SK 1882 e.V."]

1. d4 Nf6 2. Bf4 g6 3. Nf3 Bg7 4. e3 O-O 5. c4 d6 6. h3 Nbd7 7. Be2 Ne4 8. Nc3
Nxc3 9. bxc3 c5 10. O-O Qa5 11. Qb3 b6 12. Rfd1 Bb7 13. a4 Nf6 14. Nd2 Bc6 15.
Ra3 Ne4 16. Nf1 Rad8 17. f3 Nf6 18. d5 Bd7 19. Bh2 Bh6 20. g4 Bg7 21. Ng3 Ne8
22. e4 f5 23. exf5 gxf5 24. Nh5 Bh6 25. Qc2 Nf6 26. Nxf6+ Rxf6 27. Bd3 Rdf8 28.
Re1 R8f7 29. Bg3 fxg4 30. fxg4 Rf3 31. Kg2 Qa6 32. Bxh7+ Kh8 33. Bg6 Rf8 34.
Qe4 e5 35. dxe6 d5 36. Qxd5 Bc6 37. Qxc6 Qxc4 38. Qe4 1-0

[Event "9. Forchheimer Sparkassen Open 2010"]
[Site "Forchheim"]
[Date "2010.10.03"]
[Round "5.1"]
[White "Prusikin, Michael"]
[Black "Mons, Leon"]
[Result "1-0"]
[WhiteElo "2522"]
[BlackElo "2178"]
[PlyCount "69"]
[EventDate "2010.??.??"]
[WhiteTeam "SC Forchheim e.V."]
[BlackTeam "SC Forchheim e.V."]

1. d4 {[%emt 0:00:00]} Nf6 {[%emt 0:00:02]} 2. c4 {[%emt 0:00:19]} g6 {
[%emt 0:00:03]} 3. Nc3 {[%emt 0:00:09]} Bg7 {[%emt 0:00:02]} 4. e4 {
[%emt 0:00:02]} d6 {[%emt 0:00:01]} 5. Nf3 {[%emt 0:00:02]} O-O {[%emt 0:00:02]
} 6. Be2 {[%emt 0:00:10]} Bg4 {[%emt 0:00:02]} 7. Be3 {[%emt 0:00:02]} Nfd7 {
[%emt 0:00:24]} 8. h4 {[%emt 0:00:03]} c5 {[%emt 0:00:03]} 9. d5 {
[%emt 0:00:02]} Na6 {[%emt 0:00:02]} 10. h5 {[%emt 0:00:02]} Bxh5 {
[%emt 0:00:02]} 11. Ng5 {[%emt 0:00:01]} Bxe2 {[%emt 0:00:04]} 12. Qxe2 {
[%emt 0:00:02]} Nf6 {[%emt 0:00:02]} 13. f3 {[%emt 0:00:02]} Nc7 {
[%emt 0:00:31]} 14. g4 {[%emt 0:00:02]} h6 {[%emt 0:00:03]} 15. Qh2 {
[%emt 0:00:06]} Re8 {[%emt 0:00:03]} 16. O-O-O {[%emt 0:00:03]} hxg5 {
[%emt 0:00:02]} 17. e5 {[%emt 0:00:03]} dxe5 {[%emt 0:00:04]} 18. Bxg5 {
[%emt 0:00:02]} Qd7 {[%emt 0:00:02]} 19. Bh6 {[%emt 0:00:02]} Bh8 {
[%emt 0:00:03]} 20. Bg5 {[%emt 0:00:21]} Bg7 {[%emt 0:00:04]} 21. Kb1 {
[%emt 0:00:04]} Red8 {[%emt 0:00:03]} 22. Ne4 {[%emt 0:00:03]} Nce8 {
[%emt 0:00:02]} 23. Bh6 {[%emt 0:00:02]} Bh8 {[%emt 0:00:02]} 24. Bg5 {
[%emt 0:00:12]} Bg7 {[%emt 0:00:02]} 25. Bh6 {[%emt 0:00:02]} Bh8 {
[%emt 0:00:01]} 26. Bf8 {[%emt 0:00:02]} Kxf8 {[%emt 0:00:02]} 27. Qxh8+ {
[%emt 0:00:02]} Ng8 {[%emt 0:00:02]} 28. Ng5 {[%emt 0:00:03]} Nef6 {
[%emt 0:00:02]} 29. Rh7 {[%emt 0:00:03]} Qa4 {[%emt 0:00:03]} 30. b3 {
[%emt 0:00:02]} Qa6 {[%emt 0:00:02]} 31. Rxf7+ {[%emt 0:00:03]} Ke8 {
[%emt 0:00:01]} 32. Qg7 {[%emt 0:00:02]} Kd7 {[%emt 0:00:02]} 33. Ne6 {
[%emt 0:00:03]} Qd6 {[%emt 0:00:03]} 34. Qxg6 {[%emt 0:00:06]} e4 {
[%emt 0:00:02]} 35. g5 {[%emt 0:00:02]} 1-0

[Event "9. Forchheimer Sparkassen Open 2010"]
[Site "Forchheim"]
[Date "2010.10.03"]
[Round "5.2"]
[White "Hirneise, Jens"]
[Black "Golda, Harald"]
[Result "0-1"]
[WhiteElo "2298"]
[BlackElo "2315"]
[PlyCount "96"]
[EventDate "2010.??.??"]
[WhiteTeam "SF Deizisau"]
[BlackTeam "Schachklub Schweinfurt 2000 e.V."]

1. e4 {[%emt 0:00:00]} c5 {[%emt 0:00:01]} 2. Nf3 {[%emt 0:00:02]} d6 {
[%emt 0:00:04]} 3. d4 {[%emt 0:00:02]} cxd4 {[%emt 0:00:01]} 4. Nxd4 {
[%emt 0:00:02]} Nf6 {[%emt 0:00:02]} 5. Nc3 {[%emt 0:00:02]} Nc6 {
[%emt 0:00:01]} 6. Bg5 {[%emt 0:00:03]} e6 {[%emt 0:00:02]} 7. Qd2 {
[%emt 0:00:02]} Be7 {[%emt 0:00:02]} 8. O-O-O {[%emt 0:00:02]} Nxd4 {
[%emt 0:00:02]} 9. Qxd4 {[%emt 0:00:02]} O-O {[%emt 0:00:02]} 10. f3 {
[%emt 0:00:02]} a6 {[%emt 0:00:01]} 11. h4 {[%emt 0:00:02]} Qa5 {[%emt 0:00:02]
} 12. Kb1 {[%emt 0:00:02]} Rd8 {[%emt 0:00:01]} 13. Qd2 {[%emt 0:00:03]} Qc7 {
[%emt 0:00:05]} 14. Ne2 {[%emt 0:00:03]} b5 {[%emt 0:00:02]} 15. Nd4 {
[%emt 0:00:02]} e5 {[%emt 0:00:02]} 16. Nf5 {[%emt 0:00:03]} Bxf5 {
[%emt 0:00:02]} 17. exf5 {[%emt 0:00:01]} d5 {[%emt 0:00:01]} 18. g4 {
[%emt 0:00:02]} e4 {[%emt 0:00:02]} 19. Bf4 {[%emt 0:00:02]} Bd6 {
[%emt 0:00:02]} 20. Bxd6 {[%emt 0:00:02]} Qxd6 {[%emt 0:00:02]} 21. g5 {
[%emt 0:00:06]} Nh5 {[%emt 0:00:01]} 22. fxe4 {[%emt 0:00:02]} Ng3 {
[%emt 0:00:02]} 23. Rg1 {[%emt 0:00:02]} Nxe4 {[%emt 0:00:01]} 24. Qd4 {
[%emt 0:00:02]} Qh2 {[%emt 0:00:02]} 25. g6 {[%emt 0:00:02]} fxg6 {
[%emt 0:00:03]} 26. fxg6 {[%emt 0:00:03]} h6 {[%emt 0:00:01]} 27. Rg4 {
[%emt 0:00:02]} Rac8 {[%emt 0:00:02]} 28. c3 {[%emt 0:00:02]} Nf6 {
[%emt 0:00:02]} 29. Rf4 {[%emt 0:00:02]} Rc6 {[%emt 0:00:02]} 30. Re1 {
[%emt 0:00:02]} Qg3 {[%emt 0:00:01]} 31. Re7 {[%emt 0:00:02]} Qxg6+ {
[%emt 0:00:02]} 32. Bd3 {[%emt 0:00:02]} Qg3 {[%emt 0:00:03]} 33. Rf1 {
[%emt 0:00:00]} Qd6 {[%emt 0:00:20]} 34. Qe3 {[%emt 0:00:03]} d4 {
[%emt 0:00:06]} 35. Rxg7+ {[%emt 0:00:08]} Kxg7 {[%emt 0:00:02]} 36. Rg1+ {
[%emt 0:00:03]} Kf7 {[%emt 0:00:02]} 37. Bg6+ {[%emt 0:00:05]} Kf8 {
[%emt 0:00:03]} 38. Qxh6+ {[%emt 0:00:03]} Ke7 {[%emt 0:00:20]} 39. Qg7+ {
[%emt 0:00:02]} Ke6 {[%emt 0:00:14]} 40. Qf7+ {[%emt 0:00:02]} Ke5 {
[%emt 0:00:02]} 41. Rf1 {[%emt 0:00:04]} dxc3 {[%emt 0:00:02]} 42. Rf5+ {
[%emt 0:00:07]} Kd4 {[%emt 0:00:02]} 43. Qa7+ {[%emt 0:00:02]} Kc4 {
[%emt 0:00:02]} 44. Rf1 {[%emt 0:00:05]} cxb2 {[%emt 0:00:02]} 45. Bc2 {
[%emt 0:00:07]} Kb4 {[%emt 0:00:01]} 46. Qe3 {[%emt 0:00:08]} Ka5 {
[%emt 0:00:02]} 47. Rd1 {[%emt 0:00:03]} Qc5 {[%emt 0:00:09]} 48. Qe1+ {
[%emt 0:00:03]} Kb6 {[%emt 0:00:19]} 0-1

[Event "9. Forchheimer Sparkassen Open 2010"]
[Site "Forchheim"]
[Date "2010.10.03"]
[Round "5.3"]
[White "Holzhäuer, Mathias"]
[Black "Seyb, Alexander"]
[Result "0-1"]
[WhiteElo "2284"]
[BlackElo "2294"]
[PlyCount "88"]
[EventDate "2010.??.??"]
[WhiteTeam "SK Schmiden/Cannstatt"]
[BlackTeam "SC Forchheim e.V."]

1. e4 {[%emt 0:00:00]} c5 {[%emt 0:00:27]} 2. Nc3 {[%emt 0:00:03]} d6 {
[%emt 0:00:02]} 3. f4 {[%emt 0:00:02]} Nc6 {[%emt 0:00:01]} 4. Nf3 {
[%emt 0:00:05]} e6 {[%emt 0:00:03]} 5. Bc4 {[%emt 0:00:03]} Nf6 {[%emt 0:00:03]
} 6. d3 {[%emt 0:00:03]} Be7 {[%emt 0:00:04]} 7. O-O {[%emt 0:00:03]} O-O {
[%emt 0:00:01]} 8. Qe1 {[%emt 0:00:04]} a6 {[%emt 0:00:02]} 9. a3 {
[%emt 0:00:03]} d5 {[%emt 0:00:01]} 10. Ba2 {[%emt 0:00:03]} dxe4 {
[%emt 0:00:08]} 11. dxe4 {[%emt 0:00:05]} Nd4 {[%emt 0:00:03]} 12. Qd1 {
[%emt 0:00:01]} Nb5 {[%emt 0:00:05]} 13. Nxb5 {[%emt 0:00:04]} axb5 {
[%emt 0:00:01]} 14. Qe2 {[%emt 0:00:08]} Qb6 {[%emt 0:00:01]} 15. Kh1 {
[%emt 0:00:04]} c4 {[%emt 0:00:01]} 16. c3 {[%emt 0:00:07]} Nd7 {[%emt 0:00:03]
} 17. Be3 {[%emt 0:00:10]} Bc5 {[%emt 0:00:03]} 18. Bxc5 {[%emt 0:00:03]} Nxc5
{[%emt 0:00:02]} 19. Rad1 {[%emt 0:00:03]} Bd7 {[%emt 0:00:02]} 20. Bb1 {
[%emt 0:00:03]} Rfd8 {[%emt 0:00:03]} 21. Rd4 {[%emt 0:00:03]} Nb3 {
[%emt 0:00:06]} 22. Rdd1 {[%emt 0:00:00]} Bc6 {[%emt 0:00:05]} 23. Bc2 {
[%emt 0:00:01]} Nc5 {[%emt 0:00:01]} 24. Nd4 {[%emt 0:00:17]} f6 {
[%emt 0:00:06]} 25. Qe3 {[%emt 0:00:03]} Qc7 {[%emt 0:00:01]} 26. Nf3 {
[%emt 0:00:07]} Qe7 {[%emt 0:00:08]} 27. Rd4 {[%emt 0:00:07]} Rxd4 {
[%emt 0:00:01]} 28. cxd4 {[%emt 0:00:06]} Na4 {[%emt 0:00:01]} 29. Qc1 {
[%emt 0:00:08]} b4 {[%emt 0:00:01]} 30. f5 {[%emt 0:00:03]} bxa3 {
[%emt 0:00:03]} 31. bxa3 {[%emt 0:00:03]} exf5 {[%emt 0:00:01]} 32. d5 {
[%emt 0:00:04]} fxe4 {[%emt 0:00:02]} 33. dxc6 {[%emt 0:00:05]} exf3 {
[%emt 0:00:01]} 34. Rxf3 {[%emt 0:00:08]} bxc6 {[%emt 0:00:01]} 35. Re3 {
[%emt 0:00:06]} Qf7 {[%emt 0:00:01]} 36. Qe1 {[%emt 0:00:20]} Nc5 {
[%emt 0:01:09]} 37. Re7 {[%emt 0:00:06]} Qf8 {[%emt 0:00:13]} 38. h3 {
[%emt 0:00:06]} Kh8 {[%emt 0:00:01]} 39. Qe2 {[%emt 0:00:08]} Rd8 {
[%emt 0:00:03]} 40. Bf5 {[%emt 0:00:03]} g6 {[%emt 0:00:02]} 41. Bc2 {
[%emt 0:00:04]} Nd3 {[%emt 0:00:03]} 42. Ra7 {[%emt 0:00:03]} Re8 {
[%emt 0:00:05]} 43. Qf3 {[%emt 0:00:02]} Re1+ {[%emt 0:00:00]} 44. Kh2 {
[%emt 0:00:01]} Qb8+ {[%emt 0:00:01]} 0-1

[Event "9. Forchheimer Sparkassen Open 2010"]
[Site "Forchheim"]
[Date "2010.10.03"]
[Round "5.4"]
[White "Klek, Hanna Marie"]
[Black "Schramm, Christian"]
[Result "1/2-1/2"]
[WhiteElo "2169"]
[BlackElo "2322"]
[PlyCount "34"]
[EventDate "2010.??.??"]
[WhiteTeam "SC Erlangen 48/88"]
[BlackTeam "SC 1959 Obernau"]

1. e4 {[%emt 0:00:00]} e6 {[%emt 0:00:01]} 2. d4 {[%emt 0:00:02]} d5 {
[%emt 0:00:02]} 3. Nd2 {[%emt 0:00:01]} dxe4 {[%emt 0:00:02]} 4. Nxe4 {
[%emt 0:00:01]} Nf6 {[%emt 0:00:03]} 5. Bd3 {[%emt 0:00:03]} Nxe4 {
[%emt 0:00:03]} 6. Bxe4 {[%emt 0:00:01]} Nd7 {[%emt 0:00:03]} 7. Nf3 {
[%emt 0:00:03]} Be7 {[%emt 0:00:01]} 8. O-O {[%emt 0:00:02]} Nf6 {
[%emt 0:00:02]} 9. Bd3 {[%emt 0:00:01]} O-O {[%emt 0:00:01]} 10. c3 {
[%emt 0:00:02]} b6 {[%emt 0:00:01]} 11. Qe2 {[%emt 0:00:02]} Bb7 {
[%emt 0:00:01]} 12. Rd1 {[%emt 0:00:02]} Qd5 {[%emt 0:00:02]} 13. Bf4 {
[%emt 0:00:03]} Rac8 {[%emt 0:00:04]} 14. Ba6 {[%emt 0:00:29]} Rfd8 {
[%emt 0:00:03]} 15. a4 {[%emt 0:00:03]} c5 {[%emt 0:00:01]} 16. Bg5 {
[%emt 0:00:02]} h6 {[%emt 0:00:01]} 17. Bh4 {[%emt 0:00:02]} c4 {[%emt 0:00:01]
} 1/2-1/2

[Event "9. Forchheimer Sparkassen Open 2010"]
[Site "Forchheim"]
[Date "2010.10.03"]
[Round "5.5"]
[White "Schöne, Ralf"]
[Black "Barnickel, Josef"]
[Result "0-1"]
[WhiteElo "2319"]
[BlackElo "2048"]
[PlyCount "46"]
[EventDate "2010.??.??"]
[WhiteTeam "TSG Neuruppin"]
[BlackTeam "SF Windheim e.V."]

1. d4 {[%emt 0:00:00]} Nf6 {[%emt 0:00:03]} 2. c4 {[%emt 0:00:01]} e6 {
[%emt 0:00:01]} 3. Nc3 {[%emt 0:00:01]} Bb4 {[%emt 0:00:02]} 4. e3 {
[%emt 0:00:01]} c5 {[%emt 0:00:01]} 5. Nge2 {[%emt 0:00:02]} cxd4 {
[%emt 0:00:02]} 6. exd4 {[%emt 0:00:02]} O-O {[%emt 0:00:03]} 7. a3 {
[%emt 0:00:02]} Be7 {[%emt 0:00:02]} 8. g3 {[%emt 0:00:02]} d5 {[%emt 0:00:02]}
9. c5 {[%emt 0:00:01]} b6 {[%emt 0:00:01]} 10. b4 {[%emt 0:00:02]} bxc5 {
[%emt 0:00:03]} 11. dxc5 {[%emt 0:00:04]} a5 {[%emt 0:00:03]} 12. Rb1 {
[%emt 0:00:02]} axb4 {[%emt 0:00:03]} 13. axb4 {[%emt 0:00:01]} Na6 {
[%emt 0:00:03]} 14. Bg2 {[%emt 0:00:03]} Rb8 {[%emt 0:00:02]} 15. Ba3 {
[%emt 0:00:06]} Bb7 {[%emt 0:00:02]} 16. O-O {[%emt 0:00:02]} e5 {
[%emt 0:00:01]} 17. f4 {[%emt 0:00:03]} d4 {[%emt 0:00:01]} 18. fxe5 {
[%emt 0:00:02]} Bxg2 {[%emt 0:00:04]} 19. exf6 {[%emt 0:00:05]} Bxf1 {
[%emt 0:00:02]} 20. fxe7 {[%emt 0:00:02]} Qxe7 {[%emt 0:00:01]} 21. Nxd4 {
[%emt 0:00:03]} Qe3+ {[%emt 0:00:02]} 22. Kxf1 {[%emt 0:00:02]} Qxc3 {
[%emt 0:00:01]} 23. Nc2 {[%emt 0:00:02]} Rfd8 {[%emt 0:00:02]} 0-1